01667cam a22003254a 450000100090000000300040000900500170001300800410003001000170007102000150008802000180010302000150012102000180013603500230015404000350017704200080021205000230022008200170024310000300026024501100029026000480040030000340044850000610048250400660054350505000060965000290110970000190113885600780115785601060123514014451OSt20210414114229.0050624s2005 enka b 001 0 eng  a 2005018172 a1844070506 a9781844070503 a1844070514 a9781844070510 a(OCoLC)ocm60767046 aDLCcDLCdBAKERdC#PdMUQdDLC apcc00aHC79.E5bG513 200500a338.9/272221 aGibson, Robert B.,d1950-10aSustainability assessment :bcriteria and processes /cRobert B. Gibson ; with Selma Hassan ... [et al.]. aLondon ;aSterling, VA :bEarthscan,c2005. axii, 254 p. :bill. ;c24 cm. aSubtitle on cover: criteria, processes and applications. aIncludes bibliographical references (p. [189]-205) and index. aContents: Beginning: stumbling towards sustainability assessment -- Assessment:Thirty-some years of environmental assessment -- Sustainability: The essential of the concept -- Practice: Sustainability in illustrative initiatives -- Criteria:Sustainability requirements as the basics for decision making -- Trade-offs:Conflict and compromise -- Processes:Designing sustainability-based criteria in significance determinations and other common assessment judgements -- Continuations:The way ahead. 0aSustainable development.1 aHassan, Selma.413Table of contentsuhttp://www.loc.gov/catdir/toc/ecip0515/2005018172.html423Contributor biographical informationuhttp://www.loc.gov/catdir/enhancements/fy1111/2005018172-b.html